Real estate risk management under the Alternative Investment Fund Managers Directive (Record no. 116051)

MARC details
000 -LEADER
fixed length control field 01987cad a22003015a 4500
001 - CONTROL NUMBER
control field L159616
008 - FIXED-LENGTH DATA ELEMENTS--GENERAL INFORMATION
fixed length control field 150416s2017 xxk f 000 0 eng d
020 ## - INTERNATIONAL STANDARD BOOK NUMBER
International Standard Book Number 9781783212071
035 ## - SYSTEM CONTROL NUMBER
System control number (Sirsi) u159616
041 0# - LANGUAGE CODE
Language code of text/sound track or separate title eng
050 04 - LIBRARY OF CONGRESS CALL NUMBER
Classification number 332.6324094 $2 18
110 2# - MAIN ENTRY--CORPORATE NAME
Corporate name or jurisdiction name as entry element Royal Institution of Chartered Surveyors
9 (RLIN) 4900
245 00 - TITLE STATEMENT
Title Real estate risk management under the Alternative Investment Fund Managers Directive
Medium [electronic resource]
260 ## - PUBLICATION, DISTRIBUTION, ETC.
Place of publication, distribution, etc. London
Name of publisher, distributor, etc. RICS
Date of publication, distribution, etc. 2017
300 ## - PHYSICAL DESCRIPTION
Extent 15p.
490 #0 - SERIES STATEMENT
Series statement RICS Guidance Note
505 ## - FORMATTED CONTENTS NOTE
Formatted contents note Acknowledgments -- RICS professional standards and guidance -- Introduction -- The role of the AIFM real estate risk manager -- Defining the approach of the AIFM real estate risk manager -- Implementing valuation controls -- Conclusion -- Appendix A: Core office risk matrix -- Appendix B: Glossary
520 ## - SUMMARY, ETC.
Summary, etc. Effective from 1 March 2018.
520 ## - SUMMARY, ETC.
Summary, etc. It covers purpose, target audience and effective date; the role of the AIFM real estate risk manager; defining the approach of the AIFM real estate risk manager; implementing valuation controls; core office risk matrix, covering asset level risks and fund level risks; glossary. The Alternative Investment Fund Managers Directive (AIFMD) has made risk management one of the fundamental functions for real estate investment funds. Given the importance of real estate for Europe's alternative investment fund industry, RICS Europe has produced this guidance note to provide guidance to AIFMs on risk management for real estate.
650 24 - SUBJECT ADDED ENTRY--TOPICAL TERM
Topical term or geographic name entry element REAL ESTATE INVESTMENT
650 24 - SUBJECT ADDED ENTRY--TOPICAL TERM
Topical term or geographic name entry element ALTERNATIVE INVESTMENT FUND MANAGERS DIRECTIVE
650 24 - SUBJECT ADDED ENTRY--TOPICAL TERM
Topical term or geographic name entry element REAL ESTATE INVESTMENT
650 24 - SUBJECT ADDED ENTRY--TOPICAL TERM
Topical term or geographic name entry element RISK MANAGEMENT
651 #4 - SUBJECT ADDED ENTRY--GEOGRAPHIC NAME
Geographic name Europe
690 ## - LOCAL SUBJECT ADDED ENTRY--TOPICAL TERM (OCLC, RLIN)
Topical term or geographic name as entry element Commercial property
9 (RLIN) 6227
856 41 - ELECTRONIC LOCATION AND ACCESS
Uniform Resource Identifier <a href="https://www.isurv.com/downloads/file/7477/real_estate_risk_management_under_the_alternative_investment_managers_directive_aifmd_1st_edition">https://www.isurv.com/downloads/file/7477/real_estate_risk_management_under_the_alternative_investment_managers_directive_aifmd_1st_edition</a>
Public note Available on iSurv (subscription required)
942 ## - ADDED ENTRY ELEMENTS (KOHA)
Suppress in OPAC 0
Source of classification or shelving scheme Dewey Decimal Classification
Holdings
Withdrawn status Lost status Source of classification or shelving scheme Damaged status Not for loan Home library Current library Shelving location Date acquired Total Checkouts Full call number Barcode Date last seen Copy number Price effective from Koha item type
    Dewey Decimal Classification     Virtual Virtual Online 22/11/2017   iSurv 159616-2001 23/03/2023 1 06/08/2019 Book